| 000 | 00742nam a2200229 a 4500 | ||
|---|---|---|---|
| 001 | 000012106 | ||
| 005 | 20200929162710.0 | ||
| 008 | 091104s1994 sp a 000 0bspa d | ||
| 020 | _a8420646520 | ||
| 040 |
_aDO-SdBNP _bspa _cBNPHU |
||
| 082 |
_a927.5 _bM977V |
||
| 100 | 1 |
_aValdivieso, Enrique _928603 |
|
| 245 | 1 | 0 |
_aMurillo / _cEnrique Valdivieso. |
| 260 |
_aMadrid : _bAlianza, _c1994. |
||
| 300 |
_a71 p. : _bil. ; _c15 cm. |
||
| 490 | 1 |
_aAlianza cien _v52 |
|
| 500 | _aLibro de bolsillo | ||
| 600 | 1 | 0 |
_aMURILLO TORO, MANUEL, _d1816-1880, _vBIOGRAFÍA _928604 |
| 600 | 1 | 0 |
_aMURILLO TORO, MANUEL, _d1816-1880, _xCRÍTICA E INTERPRETACIÓN _928605 |
| 650 | 4 |
_aPintores españoles _vBIOGRAFÍAS _914281 |
|
| 830 | 0 |
_aAlianza cien ; _v52 _912832 |
|
| 999 |
_c11771 _d11771 |
||